R v Ministry of Agriculture, Fisheries and Food ex parte Cox (Record no. 43335)
[ view plain ]
| 000 -LEADER | |
|---|---|
| fixed length control field | 01561cab a2200229 4500 |
| 001 - CONTROL NUMBER | |
| control field | ABS48888 |
| 008 - FIXED-LENGTH DATA ELEMENTS--GENERAL INFORMATION | |
| fixed length control field | 090401t1993 xxu||||| |||| 00| 0 eng d |
| 035 ## - SYSTEM CONTROL NUMBER | |
| System control number | (Sirsi) u69000 |
| 041 ## - LANGUAGE CODE | |
| Language code of text/sound track or separate title | eng |
| 245 ## - TITLE STATEMENT | |
| Title | R v Ministry of Agriculture, Fisheries and Food ex parte Cox |
| 260 ## - PUBLICATION, DISTRIBUTION, ETC. | |
| Date of publication, distribution, etc. | 1993 |
| 350 ## - PRICE (NR) (BK AM CF MU VM SE) [OBSOLETE] | |
| Price | 0 |
| 490 ## - SERIES STATEMENT | |
| Series statement | Estates Gazette |
| Volume/sequential designation | 1993 22 EG 111-116(6) |
| 520 ## - SUMMARY, ETC. | |
| Summary, etc. | QBD 12 February 1993. Application for judicial review by dairy farmer C against M`s decision to revoke C`s registration of milk quota. Two key issues raised. Firstly was there an effective transfer of quota from Hamps Village Farm Ltd (H) in 1986 and secondly did M have the power to revoke registration? In 1986 H agreed to grant C a grazing licence in respect of 9.39 acres with transfer of milk quota of 65,000 ltrs. C did not exercise her grazing rights. MMB registered transfer of quota in C`s name. In 1988 H claimed entitlement to the milk quota and requested M to adjust the register. M declined to do so on 11 July 1988. Following an arbitrators award which found that occupation of land was necessary to acquire milk quota, M informed C that the registration would be revoked. Application allowed with declaration that M is not entitled to rescind the wholesale quota register entry. Held that although C did not fulfil Commission Regulation 1371/84 article 5(2) in that she was not oper |
| 650 ## - SUBJECT ADDED ENTRY--TOPICAL TERM | |
| Topical term or geographic name entry element | EC LAW |
| 650 ## - SUBJECT ADDED ENTRY--TOPICAL TERM | |
| Topical term or geographic name entry element | MILK QUOTAS |
| 650 ## - SUBJECT ADDED ENTRY--TOPICAL TERM | |
| Topical term or geographic name entry element | OCCUPATION OF LAND |
| 650 ## - SUBJECT ADDED ENTRY--TOPICAL TERM | |
| Topical term or geographic name entry element | TRANSFER |
| 690 ## - LOCAL SUBJECT ADDED ENTRY--TOPICAL TERM (OCLC, RLIN) | |
| Topical term or geographic name as entry element | RURAL PRACTICE-CASE LAW |
| 942 ## - ADDED ENTRY ELEMENTS (KOHA) | |
| Suppress in OPAC | 0 |
| 948 ## - LOCAL PROCESSING INFORMATION (OCLC); SERIES PART DESIGNATOR (RLIN) | |
| c (OCLC) | 04/03/1997 |
| Withdrawn status | Lost status | Source of classification or shelving scheme | Damaged status | Not for loan | Home library | Current library | Shelving location | Date acquired | Total Checkouts | Full call number | Barcode | Date last seen | Copy number | Price effective from | Koha item type |
|---|---|---|---|---|---|---|---|---|---|---|---|---|---|---|---|
| Dewey Decimal Classification | London | London | Journal article | 14/09/1999 | ABS48888 | 69000-1001 | 06/08/2019 | 1 | 06/08/2019 | Law report |